Mahakavi chundeli pachumman / (Record no. 5163)
[ view plain ]
| 000 -LEADER | |
|---|---|
| fixed length control field | 00441cam a2200169ua 4500 |
| 041 ## - LANGUAGE CODE | |
| Language code of text/sound track or separate title | mal |
| 082 ## - DEWEY DECIMAL CLASSIFICATION NUMBER | |
| Classification number | 894.8121 |
| Item number | SAN/MA |
| 100 ## - MAIN ENTRY--AUTHOR NAME | |
| Personal name | Sankaran Nair, Gowreesapattom . |
| 245 ## - TITLE STATEMENT | |
| Title | Mahakavi chundeli pachumman / |
| 260 ## - PUBLICATION, DISTRIBUTION, ETC. (IMPRINT) | |
| Place of publication | Thrissur : |
| Name of publisher | Current Books , |
| Year of publication | 1966. |
| 300 ## - PHYSICAL DESCRIPTION | |
| Number of Pages | 94 ; . |
| 942 ## - ADDED ENTRY ELEMENTS (KOHA) | |
| Koha item type | Books |
| Withdrawn status | Lost status | Damaged status | Home library | Current library | Date acquired | Full call number | Accession Number | Koha item type | Public note |
|---|---|---|---|---|---|---|---|---|---|
| Withdrawn | KAUAET | Malayalam University | 07/04/2012 | 894.8121 | 8620 | Books | Transferred to Malayalam University |
